| 000 | 00640nam a22002417a 4500 | ||
|---|---|---|---|
| 001 | 28705 | ||
| 003 | UA-OsUOA | ||
| 005 | 20210916134628.0 | ||
| 007 | ta | ||
| 008 | 20050426b un ||||| |||| 00| 0 ukr d | ||
| 020 | _a5-7975-0120-1 | ||
| 040 |
_aUA-OsUOA _brus _cUA-OsUOA _dUA-OsUOA |
||
| 041 | _arus | ||
| 044 | _aRU | ||
| 080 | _a1(091)(075) | ||
| 090 |
_a1(091)(075) _bФ56 |
||
| 245 |
_aФилософия. История философии _cН. Ф. Бучило, В. И. Кириллов, С. И. и др. _nч. 1 |
||
| 260 |
_aМ. _bЮристь _c2004 |
||
| 300 | _a374 с. | ||
| 650 | 7 | _2UDC | |
| 942 |
_cBK _2udc |
||
| 955 | _a2 | ||
| 999 |
_c315076 _d315076 |
||